How we think /
| Hlavní autor: | Dewey, John, 1859-1952 |
|---|---|
| Jazyk: | Angličtina |
| Vydáno: |
Boston : Heath, 1933 |
| Témata: | |
| Fyzický popis: |
301 s. |
|
| LEADER | 00589nam a22001932a 4500 | ||
|---|---|---|---|
| 001 | 000096840 | ||
| 003 | CZ BrMZK | ||
| 005 | 19950407143423.0 | ||
| 008 | 960707s1933 xxu f eng d | ||
| 040 | |a BOA001 |b cze | ||
| 100 | 1 | |a Dewey, John, |d 1859-1952 |7 jn20000601324 | |
| 245 | 1 | 0 | |a How we think / |c John Dewey. |
| 260 | |a Boston : |b Heath, |c 1933 | ||
| 300 | |a 301 s. | ||
| 910 | |a BOA001 |b PK-I-0008.755 | ||
| 964 | |a Myšlení - výchova - rozbory psychologické | ||
| 990 | |a BK | ||
| 993 | |a Y | ||
| 996 | 7 | |b 3119968450 |c PK-I-0008.755 |l MZK |r Sklad / do 1 hodiny |n 21 |w 000096840 |u 000010 |a 1 |e BOA001 |j MZK50 |s A | |
English
Čeština 